| 000 | 00995nam a22002297a 4500 | ||
|---|---|---|---|
| 005 | 20260303153646.0 | ||
| 008 | 260303b |||||||| |||| 00| 0 eng d | ||
| 020 | _a9789351864318 (hbk) | ||
| 037 | _cTB | ||
| 040 |
_aCRL _cCRL |
||
| 041 |
_2hin _ahin |
||
| 084 |
_aO152,1N24x R6 _qCRL |
||
| 100 | _aवाजपेयी, अटल बिहारी | ||
| 245 | _aचुनी हुई कविताएँ | ||
| 260 |
_aनई दिल्ली, भारत: _bप्रभात प्रकाशन, _c2026. |
||
| 300 | _a123पृ. | ||
| 365 |
_b350.00 _cINR |
||
| 650 | _aहिन्दी कविता | ||
| 650 | _aहिन्दी साहित्य | ||
| 942 |
_2CC _cTB _hO152,1N24x R6 _n0 |
||
| 999 |
_c1688431 _d1688431 |
||